000 00851nam a22001817a 4500
999 _c59233
_d59233
003 Ge_BSU
005 20221222111102.0
008 221222s1977ge xxu||||| |||| 00| 0 geo d
041 _ageo
080 _a821.353.1+ 821.353.1-311.6 გ-62
100 _aგოთუა, ლ. (ლევან), 1905-1973.
_916518
245 _aთხზულებათა კრებული : 6
_bტომად. ტ. 2 : გმირთა ვარამი. წ. 3 /
_cლევან გოთუა, რედ. ნანა კანდელაკი.
264 _aთბილისი :
_bსაბჭ. საქართველო,
_c1977.
300 _a631 გვ.
_b22 სმ.
653 _aგმირთა ვარამი. წ. 3
700 _aკანდელაკი, ნანა
_eრედაქტორი
_96344
942 _2udc
_cBK